| 000 | 00959nam a2200241 a 4500 | ||
|---|---|---|---|
| 001 | 74378 | ||
| 003 | BD-RjUL | ||
| 005 | 20211209082538.0 | ||
| 008 | 180807s2017 bg ||||| b||| 00| 0 ben d | ||
| 020 |
_a9847012005118 _c:Tk.1600.00 |
||
| 035 | _a(BD-RjUL)74596 | ||
| 040 |
_aBD-RjUL _beng _cBD-RjUL |
||
| 041 | _aeng | ||
| 082 |
_223 _a016.9549205 _bMUK 2017 |
||
| 245 |
_aমুক্তিযুদ্ধপঞ্জি / _cসংকলন ও সম্পাদনা ; মুনতাসীর মামুন , হাসিনা আহমেদ |
||
| 260 |
_aঢাকা : _bকথা প্রকাশ , _c২০১৭ |
||
| 300 |
_a৭৯১ পৃ. ; _c২৪ সেমি |
||
| 504 | _aগ্রন্থপঞ্জি সংযোজিত | ||
| 650 |
_aমুক্তিযুদ্ধপঞ্জি _9222188 |
||
| 650 |
_aBibliography _vLiberation War _9222189 |
||
| 700 |
_aআহমেদ, হাসিনা _9222190 |
||
| 942 |
_2ddc _cREF |
||
| 999 |
_c74378 _d74378 |
||